000 00778cam a22001935a 4500
001 L152542
008 110325e20110310xxk 000 0 eng d
035 _a(Sirsi) u152542
041 0 _aeng
100 1 _aRennison, Andy
245 0 0 _aInside knowledge
_bindustrial
260 _c2011
490 _aConstruction News
_v(7208) 10 March 2011, 20-21(2)
520 _aReturning consumer confidence and stronger overseas trade are driving hopes of 2011 upturn; project volumes in past six months (August 2010-January 2011); main contract awards, regional change since 2008; top 10 clients and contractors for industrial (number of projects in 2010 and value £m).
590 _aKA
651 4 _aUnited Kingdom
_y
690 _aBUILT ENVIRONMENT-CONSTRUCTION MARKET
942 _n0
999 _c82998
_d82998